<?xml version="1.0" encoding="UTF-8"?>
<record
    xmlns:xsi="http://www.w3.org/2001/XMLSchema-instance"
    xsi:schemaLocation="http://www.loc.gov/MARC21/slim http://www.loc.gov/standards/marcxml/schema/MARC21slim.xsd"
    xmlns="http://www.loc.gov/MARC21/slim">

  <leader>00887nam a22002297a 4500</leader>
  <controlfield tag="001">44359</controlfield>
  <controlfield tag="003">BD-RjUL</controlfield>
  <controlfield tag="005">20211209053837.0</controlfield>
  <controlfield tag="008">160717s1977    bg ||||| |||| 00| 0 ben d</controlfield>
  <datafield tag="035" ind1=" " ind2=" ">
    <subfield code="a">(BD-RjUL)44477</subfield>
  </datafield>
  <datafield tag="040" ind1=" " ind2=" ">
    <subfield code="a">BD-RjUL</subfield>
    <subfield code="b">ben </subfield>
    <subfield code="c">BD-RjUL</subfield>
  </datafield>
  <datafield tag="041" ind1=" " ind2=" ">
    <subfield code="a">ben</subfield>
  </datafield>
  <datafield tag="082" ind1=" " ind2=" ">
    <subfield code="2">23 </subfield>
    <subfield code="a">320 </subfield>
    <subfield code="b">KHP 1977 </subfield>
  </datafield>
  <datafield tag="100" ind1=" " ind2=" ">
    <subfield code="a">&#x996;&#x9BE;&#x9A8;, &#x9AE;&#x9CB;&#x9B9;&#x9BE;&#x9AE;&#x9CD;&#x9AE;&#x9A6; &#x9A6;&#x9B0;&#x9AC;&#x9C7;&#x9B6; &#x986;&#x9B2;&#x9C0; </subfield>
    <subfield code="9">136143</subfield>
  </datafield>
  <datafield tag="245" ind1="1" ind2="0">
    <subfield code="a">&#x9AA;&#x9CD;&#x9B2;&#x9C7;&#x99F;&#x9CB; &#x993; &#x98F;&#x9B0;&#x9BF;&#x9B8;&#x9CD;&#x99F;&#x99F;&#x9B2;&#x9C7;&#x9B0; &#x9B0;&#x9BE;&#x99C;&#x9A8;&#x9C8;&#x9A4;&#x9BF;&#x995; &#x99A;&#x9BF;&#x9A8;&#x9CD;&#x9A4;&#x9BE; / </subfield>
    <subfield code="c">&#x9AE;&#x9CB;&#x9B9;&#x9AE;&#x9CD;&#x9AE;&#x9A6; &#x9A6;&#x9B0;&#x9AC;&#x9C7;&#x9B6; &#x986;&#x9B2;&#x9C0; &#x996;&#x9BE;&#x9A8; </subfield>
  </datafield>
  <datafield tag="260" ind1=" " ind2=" ">
    <subfield code="a">&#x9A2;&#x9BE;&#x995;&#x9BE; :</subfield>
    <subfield code="b">&#x9AC;&#x9BE;&#x982;&#x9B2;&#x9BE; &#x98F;&#x995;&#x9BE;&#x9A1;&#x9C7;&#x9AE;&#x9C0;, </subfield>
    <subfield code="c">&#x9E7;&#x9EF;&#x9ED;&#x9ED; </subfield>
  </datafield>
  <datafield tag="300" ind1=" " ind2=" ">
    <subfield code="a">[&#x9E7;&#x9EC;], &#x9EB;&#x9ED;&#x9EA; &#x9AA;&#x9C3;. ; </subfield>
    <subfield code="c">&#x9E7;&#x9EF; &#x9B8;&#x9C7;&#x9AE;&#x9BF;. </subfield>
  </datafield>
  <datafield tag="650" ind1=" " ind2=" ">
    <subfield code="a">Politics (Aristotle)</subfield>
    <subfield code="9">136145</subfield>
  </datafield>
  <datafield tag="650" ind1=" " ind2=" ">
    <subfield code="a">Republic (Plato)</subfield>
    <subfield code="9">136377</subfield>
  </datafield>
  <datafield tag="650" ind1=" " ind2=" ">
    <subfield code="a">Political science</subfield>
    <subfield code="x">Philosophy</subfield>
    <subfield code="9">136378</subfield>
  </datafield>
  <datafield tag="942" ind1=" " ind2=" ">
    <subfield code="2">ddc</subfield>
    <subfield code="c">BK</subfield>
  </datafield>
  <datafield tag="999" ind1=" " ind2=" ">
    <subfield code="c">44359</subfield>
    <subfield code="d">44359</subfield>
  </datafield>
  <datafield tag="952" ind1=" " ind2=" ">
    <subfield code="0">0</subfield>
    <subfield code="1">0</subfield>
    <subfield code="2">ddc</subfield>
    <subfield code="4">0</subfield>
    <subfield code="7">0</subfield>
    <subfield code="8">NFIC</subfield>
    <subfield code="a">RUCL</subfield>
    <subfield code="b">RUCL</subfield>
    <subfield code="c">Stack</subfield>
    <subfield code="d">1984-07-26</subfield>
    <subfield code="e">Bishoshaitto Academy, Dhaka</subfield>
    <subfield code="g">95.00</subfield>
    <subfield code="l">0</subfield>
    <subfield code="o">B 320.1  KHP 1977</subfield>
    <subfield code="r">2016-07-17 00:00:00</subfield>
    <subfield code="t">C-2</subfield>
    <subfield code="w">2021-12-09</subfield>
    <subfield code="y">BK</subfield>
  </datafield>
</record>
